10 to 1: North American Geography Quiz Stats

 Plays Quiz Updated Jun 26, 2017

Support Sporcle.
Go Orange.
Score 0/55 Timer 06:00
0 Plays Today
% Correct
British Columbia
95.4%
Alberta
95.2%
Ontario
93.5%
Nova Scotia
93.2%
Newfoundland and Labrador
93.1%
Quebec
92%
New Brunswick
90%
Mexico City
87.3%
New York City
86.3%
Saskatchewan
86%
Los Angeles
85.9%
Prince Edward Island
85.7%
Chicago
85.7%
Mexico
85.5%
Manitoba
85.3%
El Salvador
85.1%
Havana
85.1%
Washington, D.C.
84.7%
Houston
84.5%
Appalachian
84.4%
Guatemala
84.3%
Yellowstone
83.9%
Philadelphia
83.1%
Cuba
82.4%
Honduras
82.3%
Yosemite
82%
Costa Rica
81.8%
Dominican Republic
81.8%
% Correct
Ottawa
81.4%
Grand Canyon
79.2%
Kingston
78.5%
Saint Kitts and Nevis
78.4%
Port-au-Prince
78.3%
Saint Lucia
78.2%
Mojave
77.9%
Greenland
77.5%
Everglades
77.4%
Antigua and Barbuda
76.9%
Saint Vincent and the Grenadines
76.7%
Nicaragua
75.4%
Sierra Nevada
74.6%
Dominica
74.5%
Santo Domingo
73.9%
Panama
71.2%
Redwood
70.5%
Grenada
70.5%
Yucatan
70%
Baja California
67.8%
Crater Lake
66.2%
Cascade
66%
Managua
65.6%
Sonoran
61.3%
Chihuahuan
52.8%
Arches
47%
Brooks
32.4%

You're not logged in!

Compare scores with friends on all Sporcle quizzes.
OR
Log In
Forgot?

From the Vault

Pick the Gemstone

by PrincessMartell

No mining pick required.
Remove Ads.
Support Sporcle.
Get the best of Sporcle when you Go Orange. This ad-free experience offers more features, more stats, and more fun while also helping to support Sporcle. Thank you for becoming a member.

Show Comments

Extras

Top Quizzes Today


Score Distribution

Your Account Isn't Verified!

In order to create a playlist on Sporcle, you need to verify the email address you used during registration. Go to your Sporcle Settings to finish the process.

Report this User

Report this user for behavior that violates our Community Guidelines.

Details: